World standards for Malaysian exporters : confectionery.
| Format: | Book |
|---|---|
| Published: |
Kuala Lumpur:
MATRADE,
2000.
|
| Subjects: |
| LEADER | 00424cam a2200133 7i4500 | ||
|---|---|---|---|
| 001 | 0000008513 | ||
| 005 | 20001206090000.0 | ||
| 022 | 0 | 0 | |a 15114082 |
| 090 | 0 | 0 | |a M 641.86 |b WOR MAT 641.86 WOR |
| 245 | 0 | 0 | |a World standards for Malaysian exporters : |b confectionery. |
| 260 | 0 | 0 | |a Kuala Lumpur: |b MATRADE, |c 2000. |
| 300 | # | # | |a 29 p. |
| 650 | 0 | 0 | |a Confectionery -- |x Standards |
| 999 | |a 0000011861 |b Book |c Malaysia |e Business Information Centre | ||